Eurovision Song Lyrics - Croatia - Statistics

General Stats
  • This quiz has been taken 170 times
  • The average score is 191 of 254
Answer Stats
Answer % Correct
I
98%
a
96%
no
96%
Rim
96%
tim
96%
tagi
94%
the
93%
going
92%
my
92%
My
92%
dim
91%
to
90%
back
89%
boy
89%
big
88%
now
86%
Now
86%
hay,
85%
I'm
85%
There's
85%
there's
85%
leave,
82%
cow
81%
So
81%
so
81%
mama,
79%
cat
78%
cat,
78%
ciao,
78%
ciao
78%
black
77%
ready
77%
and
76%
anxiety
75%
attacks
75%
sold
75%
on
73%
need
72%
all
70%
all,
70%
Meow,
70%
meow
70%
please
70%
Before
69%
dance
69%
must
69%
decompress
68%
fades
68%
confess
67%
for
67%
of
66%
away
65%
time
65%
One
64%
one
64%
mom,
63%
you
63%
know
62%
presence
62%
round
62%
Bye
61%
bye
61%
dad
61%
they
61%
city
60%
digi
60%
good
60%
miss
59%
more
59%
our
59%
times
57%
also
56%
cry,
56%
don't
56%
Don't
56%
Gonna
56%
gonna
56%
Maybe
56%
but
55%
just
55%
advanced
53%
boys
53%
Most
53%
pretty
53%
bed
52%
come
52%
Ay,
51%
us
51%
Yeah,
51%
become
49%
let
49%
They're
48%
prance
47%
Wanna
45%
in
43%
mostly
43%
noise
43%
them
43%
y'all,
42%
leavin'
40%
first
39%
with
39%
call,
38%
light
38%
peace
38%
find
37%
hope
37%
write
35%
I'ma
30%
attackѕ
1%
tаgi
1%
No matching quizzes found
Score Distribution
Percent of People with Each Score
Percentile by Number Answered
Your Score History
You have not taken this quiz